| 000 -CABECERA |
| Longitud fija campo de control |
00631nam a2200169 a 4500 |
| 001 - NÚMERO DE CONTROL |
| Número de control |
1590 |
| 003 - IDENTIFICADOR DEL NÚMERO DE CONTROL |
| Identificador del número de control |
CDMR |
| 005 - FECHA Y HORA DE LA ÚLTIMA TRANSACCIÓN |
| Fecha y hora de la última transacción |
20130328101831.0 |
| 008 - CÓDIGOS DE INFORMACIÓN DE LONGITUD FIJA |
| Códigos de información de longitud fija |
130130s1991||||||||||||||||||||||||||||d |
| 040 ## - FUENTE DE LA CATALOGACIÓN |
| Centro catalogador de origen |
CDMR |
| Lengua de catalogación |
cat |
| Centro transcriptor |
CDMR |
| 111 2# - PUNTO DE ACCESO PRINCIPAL-NOMBRE DE CONGRESO |
| Nombre de congreso o jurisdicción como elemento de entrada |
Jornada Internacional de la Prensa Agraria |
| Sede del congreso |
Barcelona |
| Fecha del congreso |
1991 |
| Número del congreso o número de parte o sección de la obra |
2ª |
| 9 (RLIN) |
1194 |
| 245 10 - MENCIÓN DE TÍTULO |
| Título |
Expoaviga '91 |
| Resto del título |
: II Jornada Internacional de la Prensa Agraria = II International Farming Press Symposium : 13 de noviembre de 1991 |
| 260 ## - PUBLICACIÓN, DISTRIBUCIÓN, ETC. (PIE DE IMPRENTA) |
| Lugar de publicación, distribución, etc. |
Barcelona |
| Fecha de publicación, distribución, etc. |
1991 |
| Nombre del editor, distribuidor, etc. |
Fira de Barcelona |
| 300 ## - DESCRIPCIÓN FÍSICA |
| Extensión |
38 p ; |
| Dimensiones |
30 cm |
| 710 ## - PUNTO DE ACCESO ADICIONAL - NOMBRE DE ENTIDAD |
| Nombre de entidad o nombre de jurisdicción como elemento inicial |
Associació de periodistes i escriptors agraris de Catalunya |
| Término indicativo de función |
org. |
| 9 (RLIN) |
1195 |
| 942 ## - ENTRADA DE ELEMENTOS AGREGADOS (KOHA) |
| Koha [por defecto] tipo de item |
Monografies |
| Fuente de clasificaión o esquema |
|